Statystyki dla Najlepsi tenisiści w historii swoich krajów.

Kliknij tutaj aby rozwiązać quiz!

Ogólne statystyki

  • Ten quiz został rozwiązany 66 razy
    (42 od ostatniego zresetowania)
  • Średni wynik to 8 z 21

Statystyki odpowiedzi

KrajZwycięstwa
wielkoszlemowe
Najwyższe miejsce
w rankingu ATP
Zawodnik% Poprawnych
Serbia241Novak Djokovic
100%
Hiszpania221Rafael Nadal
95%
Szwajcaria201Roger Federer
95%
USA141Pete Sampras
58%
Szwecja111Bjoern Borg
55%
Wielka Brytania31Andy Murray
53%
Niemcy (RFN)61Boris Becker
50%
Czechosłowacja81Ivan Lendl
40%
Rosja21Marat Safin
30%
Czechy12Petr Korda
30%
Chorwacja12Goran Ivanisevic
28%
Włochy14Jannik Sinner
28%
Brazylia31Gustavo Kuerten
20%
Rumunia21Ilie Nastase
20%
Austria11Thomas Muster
18%
Argentyna42Guillermo Vilas
13%
Holandia14Richard Krajicek
13%
Francja13Yannick Noah
13%
Ekwador14Andres Gomez
10%
RPA27Johan Kriek
8%
Australia51John Newcombe
8%

Rozkład punktacji

Percentyl według liczby udzielonych odpowiedzi

Procent ludzi z każdym wynikiem

Twoja historia wyników

Nie rozwiązałeś tego quizu od ostatniego zresetowania